000 00833nam a2200229 a 4500
003 PILC
005 20241030160118.0
008 060606s1987 xx 00 eng d
010 _aAcc#25701-25705
020 _a0936625082
040 _cPhilippine Baptist Theological Seminary
050 _aBV 2061
_bP235 1987
100 1 0 _aParks, R. Keith
245 1 0 _aWorld in view /
_cR. Keith Parks.
260 0 _aBirmingham, AL :
_bNew Hope,
_cc1987.
300 _a60 p. ; 29 cm.
440 0 _aGlobal Evangelization MovementL The AD 2000 Series
504 _aIncludes index.
505 _aMessage and method Biblical heritage Missions and missionaries Stewardship and mission commitment Keeping the world in view Redrawing mission maps Doing global missions today
650 _aMISSIONS
_xEVANGELISTIC WORK
942 _cCB
_2lcc
999 _c10513
_d10513